00414nam a2200169Ia 4500003000400000005001700004008004100021020001500062040000700077041000800084082001500092100002600107245003100133260005000164300001700214365001300231OSt20230505092421.0210423s2005 xx 000 0 und d a8176489298 cAL aeng a660.6 BANM aBANERJEE (Meenakshi). aBiotechnology: a glossary. aNew DelhibA P H Publishing Corporationc2005 aviii,337bPB b895cINR